| 000 | 00492nam a2200157Ia 4500 | ||
|---|---|---|---|
| 008 | 230907s9999||||xx |||||||||||||| ||und|| | ||
| 082 |
_a621 _bWAJ |
||
| 100 |
_aWajahat Qasim (319050) _9116691 |
||
| 245 | 0 | _aElectrospun Copper Doped Titania Nanofibers for Dye-Sensitized Solar Cells Photoanode / | |
| 260 |
_aUSPCAS-E, NUST, _bIslamabad : _c2022 |
||
| 300 | _axvi, 95 p. | ||
| 520 | _aTH-361 | ||
| 650 | _aMS-ESE Thesis MS Thesis | ||
| 700 |
_aDr Zuhair S Khan _928871 |
||
| 942 |
_cTHE _2ddc |
||
| 999 |
_c602039 _d602039 |
||